00622nam a2200229 a 4500001001300000003000900013005001700022008004100039020000900080082001700089100002200106245002900128260002300157300000900180500003500189650001700224700002200241902000800263942000700271952009700278999001700375nice12345678IN_TiNIC20260116013900.0080410s1994 dela grp 000 0 eng  ac3000a250.954bZAC aZachariah, Mathai aInside the Indian Church aDelhibISPCKc1994 a106p aincludes index and biblioraphy aChurch-India1 aZachariah, Mathai bSRS cBK 00114070aHMIbHMId2008-04-10g30.00l0o250.954 ZACp015191r2008-04-10w2026-01-16yBK c12950d12950